| 000 | 00756nam a2200277Ia 4500 | ||
|---|---|---|---|
| 003 | OSt | ||
| 005 | 20220912151526.0 | ||
| 006 | a|||||r|||| 00| 0 | ||
| 007 | ta | ||
| 008 | 220909b |||||||| |||| 00| 0 eng d | ||
| 024 | _a25169 | ||
| 037 | _cTextual | ||
| 040 |
_aCSL _beng _cCSL |
||
| 041 | _aeng | ||
| 082 | _aB7, M4 | ||
| 100 | _aCiarlet P G Ed. | ||
| 245 | 0 | _aProceedings of trends and applications of pure mathematics to mechanics | |
| 260 |
_aBerlin _bSpringer-Verlag _c1984 |
||
| 300 |
_a422p. _ccm. |
||
| 490 | _aLecture notes in physics; 195 | ||
| 650 | _a Geometry | ||
| 650 | _aMathematics | ||
| 700 | _a Roseau M Ed. | ||
| 942 |
_hB7, M4 _cTEXL _2CC |
||
| 999 |
_c70597 _d70597 |
||